Pokémon with the Highest HP Stats - Statistics

General Stats
  • This quiz has been taken 95 times
  • The average score is 9 of 20
Answer Stats
HP Pokémon % Correct
255 Blissey
95%
250 Chansey
94%
160 Snorlax
82%
255 Eternatus (Eternamax)
64%
140 Eternatus
59%
170 Wailord
56%
150 Slaking
55%
216 Zygarde (Complete Forme)
53%
150 Giratina (Origin & Altered Forme)
44%
223 Guzzlord
44%
135 Munchlax
41%
190 Wobbuffet
41%
140 Wigglytuff
39%
200 Regidrago
33%
165 Alomomola
29%
144 Hariyama
29%
150 Drifblim
26%
137 Lunala
26%
137 Solgaleo
26%
135 Melmetal
12%
No matching quizzes found
Score Distribution
Percent of People with Each Score
Percentile by Number Answered
Your Score History
You have not taken this quiz